000 00679cam a2200229 4500
001 J105784
008 000000n2001 000 0 eng u
035 _a(Sirsi) u119873
050 _a306
110 _aChartered Institute of Housing
_92394
245 _aGood practice briefing : repairs and maintenance. Issue 22 November 2001
260 _aCoventry
_hChartered Instittue of Housing
_c2001
300 _a15p.
_c30cm.
350 _a10
490 _aCIH Good Practice Briefing
_v22
650 _aBUILT ENVIRONMENT-BUILDING MAINTENANCE AND REFURBISHMENT
650 _aPARTNERING
650 _aProcurement-old
650 _aREPAIRS
690 _aHOUSING
942 _n0
999 _c102423
_d102423